=LDR 00000nam 2200000 4500 =001 INLIS000000000021727 =005 20130612120546 =008 ***********************************Ind** =035 ##$$0010-061300000021727 =041 ##$$a Ind =082 ##$$a 621.381 =090 ##$$a 621.381, Zuh-p =100 ##$$a ZUHAL =245 ##$$a Prinsip Dasar Elektroteknik, Prof. Dr. Zuhal M,Sc.EE., Ir. Zhanggischan =260 ##$$a 2004 $b Jakarta =300 ##$$a xv, 748 hlm., Ilus., 22 Cm =650 ##$$a Elektronika - Teknik =850 ##$$a NBPNMAT =990 ##$$a 94543/BPAP-NTB/2014 =990 ##$$a 0001/BPAP-NTB/2016 =990 ##$$a 0001/BPAP-NTB/2016